| 000 | 00577nam a22001697a 4500 | ||
|---|---|---|---|
| 008 | 161018b xxu||||| |||| 00| 0 eng d | ||
| 020 | _a9780538472050 | ||
| 050 | _aHF 5549 .M67 2011 | ||
| 100 |
_aMosley,Donald C. _d2011 |
||
| 245 |
_aSupervisory management: _bthe art of inspiring,empowering and developing people. |
||
| 250 | _a8th ed | ||
| 260 |
_aAustralia: _bSouth-western, _c2011. |
||
| 300 |
_axxi,538p.ill _biincludes index _c20cm |
||
| 650 | _apersonnel management. | ||
| 650 | _aSupervision of employees. | ||
| 942 |
_2lcc _cBOOKS _hHF 5549 .M67 2011 |
||
| 999 |
_c15027 _d15027 |
||